Ad Cursorias Quas Dicunt Lectiones Et Dissertationem Inauguralem Viri

Podrobná bibliografia
Hlavný autor: Seidel, Christoph Timotheus, 1703-1758 (Autor)
Ďalší autori: Schubert, Johann Ernst, 1717-1774 (Vedúci práce)
Médium: Kniha
Jazyk:latinčina
Fyzický popis:18 strán, 1 nečíslovaný list 4°
Predmet:

MARC

LEADER 00000nam a2200000 4500
001 vtls011975678
003 SK-MaSNL
005 20260301145528.0
008 251112s1748 gw f 000 0 lat
015 |a SNBHFA1748 
040 |a SNKHF  |b slo  |c SNKHF  |e rda 
041 0 |a lat 
044 |a gw  |c DE 
072 7 |a 2-1  |x Prirodzená teológia. Náboženská filozofia  |2 konspekt 
080 |a 2-1  |2 2011 
100 1 |a Seidel, Christoph Timotheus,  |d 1703-1758  |4 aut  |9 363758 
245 1 3 |a Ad Cursorias Quas Dicunt Lectiones Et Dissertationem Inauguralem Viri  |c Doctissimi Domini Joannis Ernesti Schuberti Philos. Doct. Illustriss. Comit. Schauenburgic. Atque Lippens. ... Superintend. Et Prot-Ecclesiast. Stadthagens ; Exponit Christophorus Timotheus Seidelius 
264 3 |a [Helmstedt]  |b [bez tlačiara]  |c (1748) 
300 |a 18 strán, 1 nečíslovaný list  |c 4° 
336 |a text  |b txt  |2 rdacontent 
337 |a bez média  |b n  |2 rdamedia 
338 |a zväzok  |b nc  |2 rdacarrier 
500 |a Vinety, iniciálky na 7 riadkov, kustody 
501 |a Príväzok 1 k.: SCHUBERT, Johann Ernst. De Peccati In Spiritvm Sanctvm Irremissibilitate. Helmstadii: Typis Vid. Pavli Diet. Schnorrii. Acad. Thypogr., 1748. 4°.  |5 SNK ID 103033 
504 |a Poznámky pod čiarou 
510 4 |a VD18  |c 11528672 
546 |a Latinčina  |b Kurzíva 
561 |a Z knižnice Učenej spoločnosti malohontskej.  |5 SNK ID 103033/prív.1 
650 0 7 |a teológia  |2 SNKPH  |9 1814 
700 1 |a Schubert, Johann Ernst,  |d 1717-1774  |4 ths  |9 363757 
710 2 |a Učená spoločnosť malohontská  |4 fmo  |9 205374 
752 |a Nemecko  |d Wittenberg 
852 |a snk  |b Historické fondy  |p ID 103033/prív.1 
958 |a DD 
958 |a ONDV 
999 |c 780487  |d 782417 
952 |t MHC 1525  |a SNK  |b SNK  |c SNK_HF  |y PREZ  |7 0  |p 17A1358261  |o snkID 103033 /prív.1  |i snk2020/10927  |8 5  |0 0  |1 0  |4 0  |d 2020-06-22  |l 0  |r 2026-02-24 01:03:02  |w 2026-02-24